000 00620cam a22002175a 4500
001 L159683
008 150226s2017 xxk f 000 0 eng d
035 _a(Sirsi) u159683
041 0 _aeng
100 1 _aBull, G.
245 0 4 _aThe never-ending story
260 _c2017
490 _aModus
_vMarch 2017, 22-25 (4)
520 _aConsiders how much more time, money and resources we would save by reusing all of a building's elements.
590 _aKA
650 2 4 _aSUPPLY CHAIN
650 2 4 _aCIRCULAR ECONOMY
650 2 4 _aRECYCLING OF BUILDING MATERIALS
690 _aSustainability
_96271
942 _n0
_2ddc
999 _c84908
_d84908